| 000 | 00561 a2200181 4500 | ||
|---|---|---|---|
| 999 |
_c7710 _d7710 |
||
| 010 | _aENG-88153 | ||
| 020 | _c400.00 | ||
| 035 | _aEN-71686 | ||
| 037 | _bDBAD / PUB | ||
| 082 | 1 | 4 | _a881 |
| 100 | 1 | _aJai Shankar Prasad | |
| 245 | 1 |
_aKamayani / _cby Jai Shankar Prasad; translated by Prabhu Datta Sharma |
|
| 260 |
_aNew Delhi _bResearch Publications _c2004 |
||
| 270 |
_a2/44, Ansari Road, Daryaganj _bNew Delhi _e110 002. |
||
| 300 |
_avii, 191p. _c22 cm(HB) |
||
| 700 | 1 | _aSharma, Prabhu Datta | |
| 942 |
_adpl _cEN _k881 / JAI _2ddc _h881 _mJAI |
||